Health Safety and Risk Assessment in Hala Gas Pani (ME Thesis) (Record no. 66677)

MARC details
000 -LEADER
fixed length control field 00397nam a22001217a 4500
100 ## - MAIN ENTRY--AUTHOR NAME
Personal name Sajjad Hyder Mangi
-- 13MME11
-- Supervisor - Dr. Kishan Chand Mukwana
245 ## - TITLE STATEMENT
Title Health Safety and Risk Assessment in Hala Gas Pani (ME Thesis)
260 ## - PUBLICATION, DISTRIBUTION, ETC. (IMPRINT)
Place of publication Nawabshah
Name of publisher QUEST
Year of publication 2019
300 ## - PHYSICAL DESCRIPTION
Number of Pages 72
700 ## - ADDED ENTRY--PERSONAL NAME
Personal name Department of Mechanical Engineering
856 ## - ELECTRONIC LOCATION AND ACCESS
Uniform Resource Identifier https://tinyurl.com/yc53uanh
942 ## - ADDED ENTRY ELEMENTS (KOHA)
Koha item type Thesis and Dissertation
Holdings
Withdrawn status Lost status Home library Current library Date acquired Accession Number Koha item type
    Research Section Research Section 23/11/2020 MP/59-760 Thesis and Dissertation
    Research Section Research Section 02/09/2021 MP/64-816 Thesis and Dissertation